00381nam a2200121Ia 4500008004100000100001900041245002000060245002600080260000900106856005200115999001900167952007300186160531s9999 xx 000 0 und d aArora, Sarika. aIron Metabolism cby Sarika Arora (ed.) c2012 uhttp://www.intechopen.com/books/iron-metabolism c295477d295477 001040aCLbCLd2016-05-31l0r2016-05-31 00:00:00w2016-05-31yCBE